[Event "Stay Safe Play From Home 406"]
[Site "Emanuel Lasker Arena"]
[Date "2020.08.24"]
[Round "8"]
[White "Klasman"]
[Black "Lazieri3"]
[Result "0-1"]
[WhiteElo "1281"]
[BlackElo "1943"]
[PlyCount "46"]
[EventDate "2020.08.24"]
[EventType "swiss (blitz)"]

1. f4 {[%emt 0:00:01]} c6 {[%emt 0:00:00]} 2. e4 {[%emt 0:00:01]} d5 {[%emt 0:00:00]} 3. e5 {[%emt 0:00:01]} Bf5 {[%emt 0:00:01]} 4. c4 {[%emt 0:00:04]} e6 {[%emt 0:00:01]} 5. Nf3 {[%emt 0:00:03]} h6 {[%emt 0:00:01]} 6. Qb3 {[%emt 0:00:01]} Qb6 {[%emt 0:00:01]} 7. Nc3 {[%emt 0:00:03]} Qxb3 {[%emt 0:00:02]} 8. axb3 {[%emt 0:00:01]} Nd7 {[%emt 0:00:01]} 9. d4 {[%emt 0:00:02]} Bb4 {[%emt 0:00:01]} 10. Bd2 {[%emt 0:00:03]} Ne7 {[%emt 0:00:02]} 11. Be2 {[%emt 0:00:03]} O-O {[%emt 0:00:01]} 12. O-O {[%emt 0:00:01]} a6 {[%emt 0:00:01]} 13. h3 {[%emt 0:00:02]} Rfd8 {[%emt 0:00:02]} 14. g4 {[%emt 0:00:01]} Bc2 {[%emt 0:00:01]} 15. cxd5 {[%emt 0:00:10]} exd5 {[%emt 0:00:04]} 16. Ra4 {[%emt 0:00:08]} Bxc3 {[%emt 0:00:03]} 17. Bxc3 {[%emt 0:00:01]} b5 {[%emt 0:00:03]} 18. Ra3 {[%emt 0:00:03]} Nb6 {[%emt 0:00:06]} 19. Bd1 {[%emt 0:00:01]} Bxd1 {[%emt 0:00:01]} 20. Rxd1 {[%emt 0:00:01]} h5 {[%emt 0:00:02]} 21. gxh5 {[%emt 0:00:03]} Nf5 {[%emt 0:00:01]} 22. Rd2 {[%emt 0:00:02]} Kf8 {[%emt 0:00:05]} 23. Kf2 {[%emt 0:00:03]} Ke8 {[%emt 0:00:01] Time Time Time (Lag: Av=0.55s, max=1.1s) (Lag: Av=0.55s, max=1.1s) (Lag: Av=0.55s, max=1.1s)} 0-1

[Event "Stay Safe Play From Home 406"]
[Site "Emanuel Lasker Arena"]
[Date "2020.08.24"]
[Round "8"]
[White "KING o KONG"]
[Black "Greblah"]
[Result "0-1"]
[WhiteElo "1001"]
[BlackElo "1848"]
[Annotator "NA"]
[PlyCount "56"]
[EventDate "2020.08.24"]
[EventType "swiss (blitz)"]

1. d3 {[%emt 0:00:02]} c6 {[%emt 0:00:00]} 2. e3 {[%emt 0:00:02]} d5 {[%emt 0:00:00]} 3. Nh3 {[%emt 0:00:03]} g6 {[%emt 0:00:00]} 4. c3 {[%emt 0:00:01]} Bg7 {[%emt 0:00:00]} 5. f3 {[%emt 0:00:01]} Bxh3 {[%emt 0:00:00]} 6. gxh3 {[%emt 0:00:02]} e5 {[%emt 0:00:00]} 7. Bg2 {[%emt 0:00:02]} Qh4+ {[%emt 0:00:01]} 8. Ke2 {[%emt 0:00:05]} Nf6 {[%emt 0:00:00]} 9. Qd2 {[%emt 0:00:01]} Nbd7 {[%emt 0:00:01]} 10. b4 {[%emt 0:00:01]} e4 {[%emt 0:00:01]} 11. Bb2 {[%emt 0:00:01]} exf3+ {[%emt 0:00:02]} 12. Bxf3 {[%emt 0:00:02]} Qxh3 {[%emt 0:00:01]} 13. Ba3 {[%emt 0:00:02]} Ne5 {[%emt 0:00:01]} 14. Bb2 {[%emt 0:00:02]} Qxf3+ {[%emt 0:00:01]} 15. Ke1 {[%emt 0:00:03]} Nfg4 {[%emt 0:00:01]} 16. Rf1 {[%emt 0:00:02]} Qxe3+ {[%emt 0:00:03]} 17. Qxe3 {[%emt 0:00:02]} Nxe3 {[%emt 0:00:01]} 18. Rf2 {[%emt 0:00:02]} N5g4 {[%emt 0:00:03]} 19. Rf3 {[%emt 0:00:02]} O-O {[%emt 0:00:01]} 20. Nd2 {[%emt 0:00:02]} Nc2+ {[%emt 0:00:01]} 21. Kf1 {[%emt 0:00:06]} Nxa1 {[%emt 0:00:01]} 22. Bxa1 {[%emt 0:00:01]} Rae8 {[%emt 0:00:01]} 23. Nb3 {[%emt 0:00:03]} Ne3+ {[%emt 0:00:00]} 24. Kf2 {[%emt 0:00:02]} f5 {[%emt 0:00:00]} 25. Nd2 {[%emt 0:00:03]} Nc2 {[%emt 0:00:02]} 26. Bb2 {[%emt 0:00:03]} Nxb4 {[%emt 0:00:01]} 27. Nf1 {[%emt 0:00:02]} Re7 {[%emt 0:00:02]} 28. Ng3 {[%emt 0:00:01]} Rfe8 {[%emt 0:00:02] TimeW TimeW TimeW} 0-1

[Event "Stay Safe Play From Home 406"]
[Site "Emanuel Lasker Arena"]
[Date "2020.08.24"]
[Round "9"]
[White "Tran Minh Thang"]
[Black "KING o KONG"]
[Result "1-0"]
[WhiteElo "2420"]
[BlackElo "1001"]
[PlyCount "51"]
[EventDate "2020.08.24"]
[EventType "swiss (blitz)"]

1. Nf3 {[%emt 0:00:01]} e6 {[%emt 0:00:02]} 2. b3 {[%emt 0:00:00]} d6 {[%emt 0:00:01]} 3. Bb2 {[%emt 0:00:00]} b6 {[%emt 0:00:01]} 4. e3 {[%emt 0:00:00]} Bb7 {[%emt 0:00:01]} 5. c4 {[%emt 0:00:00]} f6 {[%emt 0:00:04]} 6. Nc3 {[%emt 0:00:00]} Be7 {[%emt 0:00:01]} 7. Be2 {[%emt 0:00:00]} Nh6 {[%emt 0:00:01]} 8. O-O {[%emt 0:00:00]} Ng4 {[%emt 0:00:01]} 9. d4 {[%emt 0:00:00]} Nxh2 {[%emt 0:00:01]} 10. Nxh2 {[%emt 0:00:01]} d5 {[%emt 0:00:01]} 11. cxd5 {[%emt 0:00:01]} Bd6 {[%emt 0:00:03]} 12. dxe6 {[%emt 0:00:01]} Bxh2+ {[%emt 0:00:01]} 13. Kxh2 {[%emt 0:00:00]} Qd6+ {[%emt 0:00:01]} 14. f4 {[%emt 0:00:01]} Qxe6 {[%emt 0:00:01]} 15. Bf3 {[%emt 0:00:00]} Bxf3 {[%emt 0:00:05]} 16. Qxf3 {[%emt 0:00:00]} Nc6 {[%emt 0:00:03]} 17. d5 {[%emt 0:00:00]} Qd6 {[%emt 0:00:09]} 18. dxc6 {[%emt 0:00:00]} O-O {[%emt 0:00:04]} 19. Rad1 {[%emt 0:00:00]} Qe7 {[%emt 0:00:06]} 20. Nd5 {[%emt 0:00:00]} Qf7 {[%emt 0:00:03]} 21. Qe4 {[%emt 0:00:01]} Rad8 {[%emt 0:00:02]} 22. Qc4 {[%emt 0:00:00]} Rxd5 {[%emt 0:00:01]} 23. Qxd5 {[%emt 0:00:01]} Qxd5 {[%emt 0:00:02]} 24. Rxd5 {[%emt 0:00:00]} Kf7 {[%emt 0:00:02]} 25. Rfd1 {[%emt 0:00:00]} Kg6 {[%emt 0:00:01]} 26. Rd7 {[%emt 0:00:00] TimeB TimeB TimeB} 1-0

[Event "Stay Safe Play From Home 406"]
[Site "Emanuel Lasker Arena"]
[Date "2020.08.24"]
[Round "9"]
[White "AChessPlayer"]
[Black "Lamborghini"]
[Result "0-1"]
[WhiteElo "2417"]
[BlackElo "2280"]
[PlyCount "80"]
[EventDate "2020.08.24"]
[EventType "swiss (blitz)"]

1. e3 {[%emt 0:00:02]} Nf6 {[%emt 0:00:02]} 2. d4 {[%emt 0:00:00]} g6 {[%emt 0:00:00]} 3. f4 {[%emt 0:00:01]} Bg7 {[%emt 0:00:00]} 4. Nf3 {[%emt 0:00:00]} O-O {[%emt 0:00:00]} 5. Bd3 {[%emt 0:00:00]} d6 {[%emt 0:00:00]} 6. O-O {[%emt 0:00:00]} Nc6 {[%emt 0:00:00]} 7. c4 {[%emt 0:00:01]} e5 {[%emt 0:00:01]} 8. d5 {[%emt 0:00:00]} e4 {[%emt 0:00:02]} 9. dxc6 {[%emt 0:00:02]} bxc6 {[%emt 0:00:03]} 10. Be2 {[%emt 0:00:01]} exf3 {[%emt 0:00:01]} 11. Bxf3 {[%emt 0:00:00]} Qd7 {[%emt 0:00:01]} 12. Nc3 {[%emt 0:00:00]} Rb8 {[%emt 0:00:01]} 13. Qd2 {[%emt 0:00:01]} c5 {[%emt 0:00:02]} 14. Re1 {[%emt 0:00:01]} Bb7 {[%emt 0:00:01]} 15. Nd5 {[%emt 0:00:01]} Bxd5 {[%emt 0:00:02]} 16. cxd5 {[%emt 0:00:00]} Rfe8 {[%emt 0:00:01]} 17. Rb1 {[%emt 0:00:01]} Ne4 {[%emt 0:00:03]} 18. Qc2 {[%emt 0:00:01]} f5 {[%emt 0:00:02]} 19. Bd2 {[%emt 0:00:01]} Nxd2 {[%emt 0:00:02]} 20. Qxd2 {[%emt 0:00:01]} Rb4 {[%emt 0:00:01]} 21. Kh1 {[%emt 0:00:02]} Reb8 {[%emt 0:00:01]} 22. b3 {[%emt 0:00:01]} a5 {[%emt 0:00:01]} 23. e4 {[%emt 0:00:00]} fxe4 {[%emt 0:00:02]} 24. Rxe4 {[%emt 0:00:00]} a4 {[%emt 0:00:02]} 25. Rxb4 {[%emt 0:00:01]} Rxb4 {[%emt 0:00:02]} 26. Qe2 {[%emt 0:00:01]} axb3 {[%emt 0:00:01]} 27. axb3 {[%emt 0:00:00]} Bf6 {[%emt 0:00:03]} 28. Bg4 {[%emt 0:00:01]} Qe7 {[%emt 0:00:01]} 29. Be6+ {[%emt 0:00:01]} Kg7 {[%emt 0:00:00]} 30. g3 {[%emt 0:00:02]} c6 {[%emt 0:00:01]} 31. Qd3 {[%emt 0:00:03]} cxd5 {[%emt 0:00:01]} 32. Bxd5 {[%emt 0:00:03]} Rd4 {[%emt 0:00:00]} 33. Qf3 {[%emt 0:00:00]} Rd2 {[%emt 0:00:02]} 34. Rf1 {[%emt 0:00:01]} Rb2 {[%emt 0:00:02]} 35. f5 {[%emt 0:00:01]} g5 {[%emt 0:00:01]} 36. h3 {[%emt 0:00:02]} Qe5 {[%emt 0:00:02]} 37. Be6 {[%emt 0:00:03]} d5 {[%emt 0:00:02]} 38. Bxd5 {[%emt 0:00:02]} Qd4 {[%emt 0:00:01]} 39. Be6 {[%emt 0:00:01]} Qd2 {[%emt 0:00:01]} 40. Qb7+ {[%emt 0:00:01]} Kh6 {[%emt 0:00:02] AChessPlayer resigns AChessPlayer resigns AChessPlayer resigns (Lag: Av=0.57s, max=1.3s) (Lag: Av=0.57s, max=1.3s) (Lag: Av=0.57s, max=1.3s)} 0-1

[Event "Stay Safe Play From Home 406"]
[Site "Emanuel Lasker Arena"]
[Date "2020.08.24"]
[Round "9"]
[White "IceQueen"]
[Black "Buzaglo"]
[Result "1-0"]
[WhiteElo "2304"]
[BlackElo "1841"]
[PlyCount "61"]
[EventDate "2020.08.24"]
[EventType "swiss (blitz)"]

1. e4 {[%emt 0:00:01]} e6 {[%emt 0:00:00]} 2. Nc3 {[%emt 0:00:00]} d5 {[%emt 0:00:00]} 3. Nf3 {[%emt 0:00:00]} d4 {[%emt 0:00:00]} 4. Ne2 {[%emt 0:00:01]} c5 {[%emt 0:00:00]} 5. Ng3 {[%emt 0:00:00]} Nc6 {[%emt 0:00:00]} 6. Bb5 {[%emt 0:00:00]} Bd7 {[%emt 0:00:01]} 7. Bxc6 {[%emt 0:00:00]} Bxc6 {[%emt 0:00:00]} 8. d3 {[%emt 0:00:00]} f5 {[%emt 0:00:01]} 9. O-O {[%emt 0:00:00]} fxe4 {[%emt 0:00:01]} 10. Nxe4 {[%emt 0:00:00]} Nf6 {[%emt 0:00:00]} 11. Re1 {[%emt 0:00:01]} Nxe4 {[%emt 0:00:01]} 12. dxe4 {[%emt 0:00:00]} e5 {[%emt 0:00:01]} 13. Nxe5 {[%emt 0:00:01]} Qe7 {[%emt 0:00:00]} 14. Nxc6 {[%emt 0:00:01]} bxc6 {[%emt 0:00:00]} 15. Qg4 {[%emt 0:00:00]} g6 {[%emt 0:00:03]} 16. Bg5 {[%emt 0:00:01]} Qe5 {[%emt 0:00:02]} 17. f4 {[%emt 0:00:01]} Qc7 {[%emt 0:00:04]} 18. Qe6+ {[%emt 0:00:02]} Be7 {[%emt 0:00:00]} 19. f5 {[%emt 0:00:00]} Qd7 {[%emt 0:00:06]} 20. Qxd7+ {[%emt 0:00:05]} Kxd7 {[%emt 0:00:00]} 21. f6 {[%emt 0:00:00]} Bd6 {[%emt 0:00:01]} 22. e5 {[%emt 0:00:01]} Bf8 {[%emt 0:00:01]} 23. e6+ {[%emt 0:00:00]} Kc7 {[%emt 0:00:01]} 24. e7 {[%emt 0:00:00]} Kd7 {[%emt 0:00:04]} 25. exf8=Q {[%emt 0:00:02]} Rhxf8 {[%emt 0:00:00]} 26. Re7+ {[%emt 0:00:00]} Kd6 {[%emt 0:00:01]} 27. Rae1 {[%emt 0:00:00]} Kd5 {[%emt 0:00:01]} 28. b3 {[%emt 0:00:01]} c4 {[%emt 0:00:01]} 29. R1e5+ {[%emt 0:00:00]} Kd6 {[%emt 0:00:02]} 30. bxc4 {[%emt 0:00:01]} Rab8 {[%emt 0:00:03]} 31. c5# {[%emt 0:00:00] (Lag: Av=0.50s, max=0.9s) (Lag: Av=0.50s, max=0.9s) (Lag: Av=0.50s, max=0.9s)} 1-0

[Event "Stay Safe Play From Home 406"]
[Site "Emanuel Lasker Arena"]
[Date "2020.08.24"]
[Round "9"]
[White "theCHESSHOUSE"]
[Black "NTBT_DHS"]
[Result "1-0"]
[WhiteElo "2124"]
[BlackElo "2564"]
[PlyCount "59"]
[EventDate "2020.08.24"]
[EventType "swiss (blitz)"]

1. d4 {[%emt 0:00:09]} g6 {[%emt 0:00:00]} 2. c4 {[%emt 0:00:01]} Bg7 {[%emt 0:00:00]} 3. Nc3 {[%emt 0:00:00]} c5 {[%emt 0:00:01]} 4. d5 {[%emt 0:00:01]} Nf6 {[%emt 0:00:01]} 5. Nf3 {[%emt 0:00:01]} O-O {[%emt 0:00:00]} 6. g3 {[%emt 0:00:00]} e6 {[%emt 0:00:00]} 7. Bg2 {[%emt 0:00:00]} exd5 {[%emt 0:00:00]} 8. Nxd5 {[%emt 0:00:00]} b5 {[%emt 0:00:00]} 9. Nxf6+ {[%emt 0:00:01]} Bxf6 {[%emt 0:00:00]} 10. cxb5 {[%emt 0:00:01]} Bb7 {[%emt 0:00:01]} 11. O-O {[%emt 0:00:01]} Re8 {[%emt 0:00:00]} 12. e3 {[%emt 0:00:01]} Bxf3 {[%emt 0:00:01]} 13. Qxf3 {[%emt 0:00:01]} d5 {[%emt 0:00:00]} 14. Qxd5 {[%emt 0:00:01]} Qxd5 {[%emt 0:00:00]} 15. Bxd5 {[%emt 0:00:00]} Nd7 {[%emt 0:00:00]} 16. Bxa8 {[%emt 0:00:01]} Rxa8 {[%emt 0:00:00]} 17. Rd1 {[%emt 0:00:02]} Ne5 {[%emt 0:00:01]} 18. Rb1 {[%emt 0:00:01]} a6 {[%emt 0:00:01]} 19. bxa6 {[%emt 0:00:03]} Rxa6 {[%emt 0:00:01]} 20. a3 {[%emt 0:00:00]} Nc4 {[%emt 0:00:01]} 21. Kg2 {[%emt 0:00:03]} Rb6 {[%emt 0:00:02]} 22. b3 {[%emt 0:00:01]} Bc3 {[%emt 0:00:01]} 23. a4 {[%emt 0:00:02]} Na5 {[%emt 0:00:15]} 24. Rd3 {[%emt 0:00:00]} Bb4 {[%emt 0:00:01]} 25. Bb2 {[%emt 0:00:00]} c4 {[%emt 0:00:00]} 26. Rd8+ {[%emt 0:00:03]} Bf8 {[%emt 0:00:03]} 27. bxc4 {[%emt 0:00:01]} Rc6 {[%emt 0:00:08]} 28. Ba3 {[%emt 0:00:02]} Kg7 {[%emt 0:00:02]} 29. Bxf8+ {[%emt 0:00:01]} Kg8 {[%emt 0:00:03]} 30. Bh6# {[%emt 0:00:01] (Lag: Av=0.87s, max=1.7s) (Lag: Av=0.87s, max=1.7s) (Lag: Av=0.87s, max=1.7s)} 1-0

[Event "Stay Safe Play From Home 406"]
[Site "Emanuel Lasker Arena"]
[Date "2020.08.24"]
[Round "9"]
[White "Trotsky"]
[Black "Nguyen Hong Anh"]
[Result "0-1"]
[WhiteElo "1609"]
[BlackElo "2276"]
[PlyCount "52"]
[EventDate "2020.08.24"]
[EventType "swiss (blitz)"]

1. d4 {[%emt 0:00:01]} Nf6 {[%emt 0:00:04]} 2. e3 {[%emt 0:00:01]} g6 {[%emt 0:00:01]} 3. c4 {[%emt 0:00:01]} Bg7 {[%emt 0:00:00]} 4. Nc3 {[%emt 0:00:01]} d5 {[%emt 0:00:00]} 5. Bd3 {[%emt 0:00:01]} dxc4 {[%emt 0:00:01]} 6. Bxc4 {[%emt 0:00:01]} O-O {[%emt 0:00:00]} 7. Qc2 {[%emt 0:00:02]} c5 {[%emt 0:00:00]} 8. d5 {[%emt 0:00:02]} Nbd7 {[%emt 0:00:01]} 9. Bd2 {[%emt 0:00:01]} Nb6 {[%emt 0:00:00]} 10. Bd3 {[%emt 0:00:04]} Nbxd5 {[%emt 0:00:00]} 11. a3 {[%emt 0:00:03]} b6 {[%emt 0:00:03]} 12. O-O-O {[%emt 0:00:02]} Bb7 {[%emt 0:00:01]} 13. Nf3 {[%emt 0:00:01]} Rc8 {[%emt 0:00:01]} 14. Ng5 {[%emt 0:00:01]} Qc7 {[%emt 0:00:03]} 15. h4 {[%emt 0:00:01]} Nxc3 {[%emt 0:00:01]} 16. bxc3 {[%emt 0:00:02]} Bxg2 {[%emt 0:00:00]} 17. Rh2 {[%emt 0:00:01]} Bd5 {[%emt 0:00:01]} 18. h5 {[%emt 0:00:01]} Qxh2 {[%emt 0:00:01]} 19. hxg6 {[%emt 0:00:02]} hxg6 {[%emt 0:00:00]} 20. e4 {[%emt 0:00:03]} Bc6 {[%emt 0:00:02]} 21. f3 {[%emt 0:00:03]} Nh5 {[%emt 0:00:02]} 22. e5 {[%emt 0:00:02]} Qxe5 {[%emt 0:00:02]} 23. f4 {[%emt 0:00:09]} Nxf4 {[%emt 0:00:02]} 24. Rg1 {[%emt 0:00:03]} Nxd3+ {[%emt 0:00:01]} 25. Kb1 {[%emt 0:00:02]} Nf2 {[%emt 0:00:02]} 26. Qd1 {[%emt 0:00:01]} Nxd1 {[%emt 0:00:01] Trotsky Ñäàåòñÿ Trotsky Ñäàåòñÿ Trotsky Ñäàåòñÿ (Lag: Av=0.68s, max=2.0s) (Lag: Av=0.68s, max=2.0s) (Lag: Av=0.68s, max=2.0s)} 0-1

[Event "Stay Safe Play From Home 406"]
[Site "Emanuel Lasker Arena"]
[Date "2020.08.24"]
[Round "9"]
[White "Klasman"]
[Black "MihailoVujic"]
[Result "0-1"]
[WhiteElo "1281"]
[BlackElo "2202"]
[PlyCount "40"]
[EventDate "2020.08.24"]
[EventType "swiss (blitz)"]

1. f4 {[%emt 0:00:02]} e5 {[%emt 0:00:01]} 2. fxe5 {[%emt 0:00:01]} d6 {[%emt 0:00:03]} 3. Nf3 {[%emt 0:00:01]} dxe5 {[%emt 0:00:02]} 4. e4 {[%emt 0:00:01]} Nc6 {[%emt 0:00:01]} 5. Bb5 {[%emt 0:00:01]} Bc5 {[%emt 0:00:02]} 6. c3 {[%emt 0:00:02]} Nf6 {[%emt 0:00:02]} 7. Nxe5 {[%emt 0:00:03]} Nxe4 {[%emt 0:00:07]} 8. Bxc6+ {[%emt 0:00:12]} bxc6 {[%emt 0:00:03]} 9. Qf3 {[%emt 0:00:04]} Qd5 {[%emt 0:00:15]} 10. d4 {[%emt 0:00:05]} Bd6 {[%emt 0:00:02]} 11. Nxf7 {[%emt 0:00:07]} Qxf7 {[%emt 0:00:02]} 12. Qxe4+ {[%emt 0:00:01]} Kd8 {[%emt 0:00:02]} 13. Rf1 {[%emt 0:00:03]} Re8 {[%emt 0:00:02]} 14. Rxf7 {[%emt 0:00:03]} Rxe4+ {[%emt 0:00:01]} 15. Kf2 {[%emt 0:00:01]} Be6 {[%emt 0:00:07]} 16. Bg5+ {[%emt 0:00:02]} Kc8 {[%emt 0:00:01]} 17. Rxg7 {[%emt 0:00:01]} Kb7 {[%emt 0:00:01]} 18. Nd2 {[%emt 0:00:02]} Rf8+ {[%emt 0:00:00]} 19. Kg1 {[%emt 0:00:05]} Re2 {[%emt 0:00:00]} 20. Nf3 {[%emt 0:00:01]} Re1+ {[%emt 0:00:00] Time Time Time (Lag: Av=0.63s, max=0.8s) (Lag: Av=0.63s, max=0.8s) (Lag: Av=0.63s, max=0.8s)} 0-1

[Event "Stay Safe Play From Home 406"]
[Site "Emanuel Lasker Arena"]
[Date "2020.08.24"]
[Round "9"]
[White "Mvali"]
[Black "AgentsofShield"]
[Result "0-1"]
[WhiteElo "1114"]
[BlackElo "1916"]
[PlyCount "28"]
[EventDate "2020.08.24"]
[EventType "swiss (blitz)"]

1. e4 {[%emt 0:00:05]} c5 {[%emt 0:00:01]} 2. d4 {[%emt 0:00:03]} d6 {[%emt 0:00:00]} 3. dxc5 {[%emt 0:00:02]} dxc5 {[%emt 0:00:00]} 4. Qxd8+ {[%emt 0:00:03]} Kxd8 {[%emt 0:00:00]} 5. Bf4 {[%emt 0:00:05]} Nc6 {[%emt 0:00:03]} 6. Bb5 {[%emt 0:00:03]} e5 {[%emt 0:00:01]} 7. Bxc6 {[%emt 0:00:08]} exf4 {[%emt 0:00:01]} 8. Bd5 {[%emt 0:00:05]} Nf6 {[%emt 0:00:01]} 9. Nh3 {[%emt 0:00:08]} Bxh3 {[%emt 0:00:02]} 10. e5 {[%emt 0:00:05]} Nxd5 {[%emt 0:00:00]} 11. gxh3 {[%emt 0:00:05]} c4 {[%emt 0:00:00]} 12. O-O {[%emt 0:00:02]} Kc7 {[%emt 0:00:02]} 13. Rd1 {[%emt 0:00:02]} Kc6 {[%emt 0:00:01]} 14. Nc3 {[%emt 0:00:04]} Nxc3 {[%emt 0:00:00] TimeW TimeW TimeW} 0-1